000 00361 a2200109 4500
001 ART_41745
005 20260410161806.0
008 260409a
245 1 0 _aLa complejidad del medio tempore en materia de concurso preventivo
100 1 _aJunyent Bas, Francisco
773 0 _tDoctrina Societaria y Concursal
_g- NÂș 306 (mayo 2013)
_wREV4298
999 _c20984
_d20984